[Event "Arab Clubs-chT"]
[Site "Monastir"]
[Date "2013.11.06"]
[Round "4.4"]
[White "Abdel Razik, Khaled"]
[Black "Asabri, Hassan"]
[Result "1-0"]
[WhiteElo "2450"]
[BlackElo "2131"]
[PlyCount "47"]
[EventDate "2013.11.04"]
[EventType "team-tourn"]
[EventRounds "9"]
[EventCountry "TUN"]
[SourceTitle "EXT 2014"]
[Source "ChessBase"]
[SourceDate "2013.11.20"]
[SourceVersion "1"]
[SourceVersionDate "2013.11.20"]
[SourceQuality "1"]
[WhiteTeam "Sharkia Dokhan"]
[BlackTeam "Al Ahli"]
[WhiteTeamCountry "EGY"]
[BlackTeamCountry "LBY"]

1. c4 Nf6 2. Nc3 g6 3. g3 Bg7 4. Bg2 0-0 5. d3 e5 6. Nf3 Re8 7. 0-0 d6 8. Rb1 c6 9. b4 d5 10. b5 dxc4 11. bxc6 Nxc6 12. dxc4 Qa5 13. Bd2 Qc5 14. Qa4 e4 15. Rb5 Qd6 16. Bf4 Qf8 17. Ng5 Nh5 18. Bd2 Nd4 19. Nd5 Nxb5 20. Bb4 Nd6 21. Bxd6 Bd7 22. Qxd7 Rad8 23. Qxd8 Rxd8 24. Bxf8 1-0

[Event "Arab Clubs-chT"]
[Site "Monastir"]
[Date "2013.11.04"]
[Round "1.4"]
[White "Asabri, Hassan"]
[Black "Mahdia, Farage"]
[Result "1-0"]
[WhiteElo "2131"]
[BlackElo "2035"]
[PlyCount "107"]
[EventDate "2013.11.04"]
[EventType "team-tourn"]
[EventRounds "9"]
[EventCountry "TUN"]
[SourceTitle "EXT 2014"]
[Source "ChessBase"]
[SourceDate "2013.11.20"]
[SourceVersion "1"]
[SourceVersionDate "2013.11.20"]
[SourceQuality "1"]
[WhiteTeam "Al Ahli"]
[BlackTeam "Dhahra"]
[WhiteTeamCountry "LBY"]
[BlackTeamCountry "LBY"]

1. e4 c5 2. Nf3 e6 3. d3 d5 4. Nbd2 Nc6 5. g3 Nf6 6. Bg2 Be7 7. 0-0 0-0 8. Re1 dxe4 9. dxe4 Qc7 10. c3 b6 11. e5 Nd5 12. a3 b5 13. Ne4 Bb7 14. Bg5 h6 15. Bxe7 Qxe7 16. Qe2 a6 17. c4 Nc7 18. Nd6 Rab8 19. Nxb7 Rxb7 20. Qe4 Rb6 21. Bf1 Na5 22. cxb5 axb5 23. b4 Nb3 24. Bd3 g6 25. Rad1 c4 26. Bxc4 bxc4 27. Qxc4 Na5 28. bxa5 Ra6 29. Rc1 Ra7 30. Qb4 Nd5 31. Qxe7 Nxe7 32. Rc5 Rfa8 33. Re3 Rxa5 34. Rxa5 Rxa5 35. Kf1 Nc6 36. Ke1 Rb5 37. Kd1 Rb2 38. Rc3 Ne7 39. Nd2 Ra2 40. Ne4 Kg7 41. Kc1 Nd5 42. Rd3 g5 43. Nd2 Ra1+ 44. Nb1 Ra2 45. Rd2 Rxd2 46. Nxd2 Kg6 47. g4 h5 48. f3 f5 49. exf6 hxg4 50. f7 Kxf7 51. fxg4 Ne3 52. h3 Nd5 53. Ne4 Kg6 54. a4 1-0

[Event "Olympiad-40"]
[Site "Istanbul"]
[Date "2012.09.01"]
[Round "5.4"]
[White "Aung, Kyaw Moe"]
[Black "Asabri, Hassan"]
[Result "1/2-1/2"]
[WhiteElo "2149"]
[BlackElo "2179"]
[PlyCount "60"]
[EventDate "2012.08.28"]
[EventType "team-swiss"]
[EventRounds "11"]
[EventCountry "TUR"]
[SourceTitle "CBM 151"]
[Source "ChessBase"]
[SourceDate "2012.11.13"]
[SourceVersion "1"]
[SourceVersionDate "2012.11.13"]
[SourceQuality "1"]
[WhiteTeam "Myanmar"]
[BlackTeam "Libya"]
[WhiteTeamCountry "MYA"]
[BlackTeamCountry "LBY"]

1. e4 e5 2. Nf3 Nc6 3. Bb5 a6 4. Bxc6 dxc6 5. 0-0 Bg4 6. h3 h5 7. Re1 Qf6 8. d3 Bxf3 9. Qxf3 Qxf3 10. gxf3 f6 11. f4 Bd6 12. fxe5 fxe5 13. Nc3 0-0-0 14. Ne2 Rf8 15. Rf1 Ne7 16. f4 exf4 17. Bxf4 Bxf4 18. Rxf4 g5 19. Rxf8+ Rxf8 20. Rf1 Rxf1+ 21. Kxf1 Ng6 22. Kf2 Kd7 23. Kf3 Ne5+ 24. Kf2 c5 25. Ng3 h4 26. Nf5 Ng6 27. Kf3 Ne5+ 28. Kf2 Ng6 29. Kf3 Ne5+ 30. Kf2 Ng6 1/2-1/2

[Event "Olympiad-40"]
[Site "Istanbul"]
[Date "2012.08.30"]
[Round "3.4"]
[White "Asabri, Hassan"]
[Black "Smith, Michael A"]
[Result "1-0"]
[WhiteElo "2179"]
[BlackElo "1596"]
[PlyCount "67"]
[EventDate "2012.08.28"]
[EventType "team-swiss"]
[EventRounds "11"]
[EventCountry "TUR"]
[SourceTitle "CBM 151"]
[Source "ChessBase"]
[SourceDate "2012.11.13"]
[SourceVersion "1"]
[SourceVersionDate "2012.11.13"]
[SourceQuality "1"]
[WhiteTeam "Libya"]
[BlackTeam "US Virgin Islands"]
[WhiteTeamCountry "LBY"]
[BlackTeamCountry "ISV"]

1. Nf3 d5 2. g3 Bf5 3. Bg2 Qd7 4. h3 Nf6 5. d4 c5 6. Ne5 Qc8 7. c4 e6 8. Qa4+ Nbd7 9. 0-0 cxd4 10. cxd5 Bd6 11. Nxd7 Qxd7 12. Qxd7+ Kxd7 13. dxe6+ Bxe6 14. Rd1 Rac8 15. e3 Rc2 16. exd4 Rhc8 17. Nc3 Bb4 18. Ne4 Nxe4 19. Bxe4 R2c7 20. g4 Bxa2 21. Bf4 Bc4 22. Bxc7 Rxc7 23. Rxa7 Ba6 24. Bd3 Be7 25. Bxa6 bxa6 26. Rxa6 Rb7 27. Rd2 Bg5 28. Re2 Bf6 29. Ra4 Rb3 30. Kg2 Rd3 31. Ra7+ Kd6 32. Re8 Bxd4 33. Rd8+ Ke6 34. Ra1 1-0

[Event "Africa zt 4.1"]
[Site "Tipaza"]
[Date "2011.05.25"]
[Round "6"]
[White "Hemam, Moulaye Brahim"]
[Black "Asabri, Hassan"]
[Result "0-1"]
[WhiteElo "2047"]
[BlackElo "2212"]
[PlyCount "52"]
[EventDate "2011.05.21"]
[EventType "swiss"]
[EventRounds "9"]
[EventCountry "ALG"]
[SourceTitle "CBM 142 Extra"]
[Source "ChessBase"]
[SourceDate "2011.06.27"]
[SourceVersion "1"]
[SourceVersionDate "2011.06.27"]
[SourceQuality "1"]

1. d4 Nf6 2. Nf3 g6 3. c4 Bg7 4. Nc3 0-0 5. e4 d6 6. h3 c5 7. Be3 cxd4 8. Nxd4 Nc6 9. Qd2 Nxd4 10. Bxd4 a6 11. Be2 Be6 12. 0-0 Rc8 13. b3 Qd7 14. f4 Ne8 15. f5 gxf5 16. exf5 Bxf5 17. Rxf5 Qxf5 18. Bg4 Bxd4+ 19. Qxd4 Qc5 20. Rd1 Qxd4+ 21. Rxd4 e6 22. Nd5 Kg7 23. Nb6 Rc7 24. Bf3 f5 25. Na8 Re7 26. Rd2 e5 0-1

[Event "Africa zt 4.1"]
[Site "Tipaza"]
[Date "2011.05.22"]
[Round "3"]
[White "Jemai, Akram"]
[Black "Asabri, Hassan"]
[Result "1-0"]
[WhiteElo "2161"]
[BlackElo "2212"]
[PlyCount "24"]
[EventDate "2011.05.21"]
[EventType "swiss"]
[EventRounds "9"]
[EventCountry "ALG"]
[SourceTitle "CBM 142 Extra"]
[Source "ChessBase"]
[SourceDate "2011.06.27"]
[SourceVersion "1"]
[SourceVersionDate "2011.06.27"]
[SourceQuality "1"]

1. d4 Nf6 2. c4 g6 3. Nc3 Bg7 4. e4 d6 5. h3 c5 6. d5 e6 7. Nf3 exd5 8. cxd5 0-0 9. Bd3 Na6 10. 0-0 Nc7 11. a3 a6 12. a4 a5 1-0

[Event "Africa zt 4.1"]
[Site "Tipaza"]
[Date "2011.05.21"]
[Round "1"]
[White "Asabri, Hassan"]
[Black "Nassr, Ali"]
[Result "0-1"]
[WhiteElo "2212"]
[BlackElo "1850"]
[PlyCount "76"]
[EventDate "2011.05.21"]
[EventType "swiss"]
[EventRounds "9"]
[EventCountry "ALG"]
[SourceTitle "CBM 142 Extra"]
[Source "ChessBase"]
[SourceDate "2011.06.27"]
[SourceVersion "1"]
[SourceVersionDate "2011.06.27"]
[SourceQuality "1"]

1. e4 c5 2. Nf3 Nc6 3. d3 d6 4. g3 Nf6 5. Bg2 e5 6. h3 h6 7. c3 Be7 8. Nbd2 0-0 9. 0-0 Be6 10. Re1 Qb6 11. Nc4 Qc7 12. Qe2 Rfe8 13. Ne3 Qd7 14. Kh2 Bf8 15. Nh4 d5 16. Qf3 d4 17. Nef5 Nh7 18. Rg1 Rad8 19. Bf1 Ne7 20. g4 Ng6 21. g5 Nxh4 22. Nxh4 hxg5 23. Bxg5 Nxg5 24. Rxg5 Be7 25. Rh5 g6 26. Be2 Bxh4 27. Rxh4 Kg7 28. Rg1 Rh8 29. Rxh8 Rxh8 30. Rg3 Qa4 31. cxd4 cxd4 32. a3 Qb3 33. Bf1 Qxb2 34. Rg5 f6 35. Rg1 Qxa3 36. Bg2 b5 37. Qg3 g5 38. Bf1 Qc1 0-1

[Event "Taza zt 4.1"]
[Site "Taza"]
[Date "2005.06.28"]
[Round "9"]
[White "Laouini, Sami"]
[Black "Asabri, Hassan"]
[Result "0-1"]
[WhiteElo "2218"]
[BlackElo "2230"]
[PlyCount "54"]
[EventDate "2005.06.21"]
[EventType "swiss"]
[EventRounds "9"]
[EventCountry "MAR"]
[SourceTitle "EXT 2006"]
[Source "ChessBase"]
[SourceDate "2005.11.24"]
[SourceVersion "1"]
[SourceVersionDate "2005.11.24"]
[SourceQuality "1"]

1. e4 e5 2. Nf3 Nc6 3. Bc4 Bc5 4. 0-0 Nf6 5. d3 d6 6. c3 a6 7. Bb3 Ba7 8. Nbd2 0-0 9. Re1 Ng4 10. Re2 Kh8 11. h3 Nh6 12. Nf1 f5 13. Ng5 f4 14. Nf3 g5 15. N1h2 g4 16. hxg4 Nxg4 17. Nxg4 Bxg4 18. Kf1 Bxf3 19. gxf3 Qh4 20. Rd2 Rf6 21. Qe1 Rg6 22. Ke2 Qh2 23. Rd1 Rg2 24. d4 exd4 25. Kd3 Rxf2 26. Rd2 Ne5+ 27. Kc2 Nxf3 0-1